Pracovný kapitál ako zdroj poskytovania obchodných úverov
Pracovný kapitál tvoria tie finančné prostriedky podniku, ktoré musí permanentne udržiavať v prevádzke, za účelom schopnosti priebežného zabezpečovania výrobného a dodávateľského cyklu. Pracovný kapitál sa zvykne chápať aj ako hrubý kapitál, čiže všetok obežný majetok používaný v podniku. Pracovný k...
Salvato in:
| Autore principale: | |
|---|---|
| Natura: | Capitolo di libro |
| Lingua: | slovacco |
| Soggetti: | |
| Tags: |
Nessun Tag, puoi essere il primo ad aggiungerne!!
|
MARC
| LEADER | 00000nla a2200000 4500 | ||
|---|---|---|---|
| 001 | 0195444 | ||
| 005 | 20240502073258.3 | ||
| 041 | 0 | |a slo | |
| 044 | |a SK | ||
| 245 | 1 | 0 | |a Pracovný kapitál ako zdroj poskytovania obchodných úverov |c Kristián Kadlečík |
| 520 | |a Pracovný kapitál tvoria tie finančné prostriedky podniku, ktoré musí permanentne udržiavať v prevádzke, za účelom schopnosti priebežného zabezpečovania výrobného a dodávateľského cyklu. Pracovný kapitál sa zvykne chápať aj ako hrubý kapitál, čiže všetok obežný majetok používaný v podniku. Pracovný kapitál tvorí tú časť podnikového kapitálu, ktorá je viazaná v obežnom majetku, ktorý sa spotrebuje a premení na peňažné prostriedky v kratšom období ako jeden rok. Čistý pracovný kapitál, viazaný pracovný kapitál. | ||
| 610 | 2 | 0 | |a financie podnikové |
| 610 | 2 | 0 | |a kapitál podnikový |
| 610 | 2 | 0 | |a majetok podnikový |
| 610 | 2 | 0 | |a majetok obežný |
| 610 | 2 | 0 | |a úver obchodný |
| 100 | 1 | |a Kadlečík, Kristián | |